[Event "FinaleChallengeBNP 2012"]
[Site "Port-Marly"]
[Date "2012.06.16"]
[Round "1.1"]
[White "Bauer, Christian"]
[Black "Fleurquin, Bastien"]
[Result "1-0"]
[WhiteElo "2740"]
[BlackElo "1930"]
[PlyCount "101"]
[EventDate "2012.??.??"]

1. b4 e5 2. a3 Nf6 3. Bb2 d6 4. e3 Be6 5. c4 c5 6. bxc5 dxc5 7. Bxe5 Nc6 8. Bb2
Be7 9. Nf3 Qb6 10. Nc3 Qxb2 11. Na4 Qxa1 12. Qxa1 O-O 13. Be2 a6 14. Nb6 Rad8
15. O-O Na5 16. Qc3 Nc6 17. d4 cxd4 18. exd4 Ne4 19. Qe3 f5 20. d5 Bxd5 21.
Nxd5 Bc5 22. Qb3 Nd4 23. Nxd4 Bxd4 24. Bf3 Nd2 25. Qxb7 Nxf1 26. Kxf1 Rb8 27.
Qd7 Rfe8 28. g3 Bc5 29. Bh5 Rf8 30. Qc7 Bd4 31. Ne7+ Kh8 32. Nc6 Rb1+ 33. Kg2
Bc5 34. Nb4 Rb2 35. Qxc5 Rg8 36. Bf7 Ra8 37. Qe5 Rd2 38. c5 Rdd8 39. c6 Rac8
40. c7 Rf8 41. Be6 Rfe8 42. Nxa6 h6 43. Bxc8 Rxe5 44. Bd7 Ra5 45. c8=Q+ Kh7 46.
Bxf5+ Rxf5 47. Qxf5+ g6 48. Qf7+ Kh8 49. Nc7 g5 50. Ne6 h5 51. Qg7# 1-0

[Event "FinaleChallengeBNP 2012"]
[Site "Port-Marly"]
[Date "2012.06.16"]
[Round "1.3"]
[White "Dourerassou, Jonathan"]
[Black "Bonnot, philippe"]
[Result "0-1"]
[WhiteElo "2670"]
[BlackElo "1910"]
[PlyCount "35"]
[EventDate "2012.??.??"]

1. e4 d6 2. d4 Nf6 3. Nc3 g6 4. f4 Bg7 5. Nf3 O-O 6. Bd3 Nbd7 7. e5 dxe5 8.
dxe5 Ne8 9. Be3 f6 10. Bc4+ Kh8 11. e6 Nb6 12. Qxd8 Nxc4 13. Bc5 Ncd6 14. Qxe7
b6 15. Bxd6 Nxd6 16. Qxc7 Nf5 17. e7 Re8 18. O-O-O 0-1

[Event "FinaleChallengeBNP 2012"]
[Site "Port-Marly"]
[Date "2012.06.16"]
[Round "1.4"]
[White "Dubois, Marie"]
[Black "Lepelletier, Benoît"]
[Result "0-1"]
[WhiteElo "1910"]
[BlackElo "2540"]
[PlyCount "60"]
[EventDate "2012.??.??"]

1. d4 Nf6 2. c4 e6 3. Nc3 Bb4 4. e3 b6 5. Nf3 Bb7 6. Be2 Bxc3+ 7. bxc3 d6 8.
O-O Nbd7 9. Nd2 O-O 10. f3 d5 11. Qc2 c5 12. a4 a5 13. Rb1 Qc7 14. Ba3 Rfe8 15.
Rb2 Ba6 16. Rfb1 Rab8 17. Bf1 e5 18. cxd5 Bxf1 19. Nxf1 Nxd5 20. e4 Nf4 21. Rd1
c4 22. Ne3 Nf6 23. Rb5 exd4 24. cxd4 Rbc8 25. d5 Nd7 26. d6 Qc6 27. Nd5 Nxd5
28. Rbxd5 Re6 29. f4 Nf6 30. R5d2 Nxe4 0-1

[Event "FinaleChallengeBNP 2012"]
[Site "Port-Marly"]
[Date "2012.06.16"]
[Round "1.5"]
[White "Pavon Cardenas, Jesus"]
[Black "Boutant, Jade"]
[Result "1-0"]
[WhiteElo "2450"]
[BlackElo "1880"]
[PlyCount "71"]
[EventDate "2012.??.??"]

1. e4 c5 2. Nc3 Nc6 3. g3 g6 4. Bg2 Bg7 5. d3 a6 6. Be3 Nf6 7. Bxc5 d6 8. Be3
Bd7 9. h3 Qc7 10. Nge2 Rc8 11. Qd2 h6 12. O-O g5 13. f4 gxf4 14. Nxf4 Ne5 15.
Qf2 Rf8 16. a3 Bc6 17. Rae1 b5 18. Bc1 Qb7 19. d4 Nc4 20. Nd3 a5 21. b3 Nb6 22.
Bb2 Rc7 23. Kh2 Kd8 24. d5 Bd7 25. e5 dxe5 26. Nxe5 Qb8 27. Qe3 Re8 28. Nxf7+
Kc8 29. Ne5 b4 30. axb4 axb4 31. Nxd7 Nbxd7 32. Na4 Rxc2 33. Rc1 Rxc1 34. Rxc1+
Kd8 35. Bd4 Qb7 36. d6 1-0

[Event "FinaleChallengeBNP 2012"]
[Site "Port-Marly"]
[Date "2012.06.16"]
[Round "1.6"]
[White "Kvashyna, Tetyana"]
[Black "Decosse, Jean-Fabien"]
[Result "1/2-1/2"]
[WhiteElo "1870"]
[BlackElo "2440"]
[PlyCount "85"]
[EventDate "2012.??.??"]

1. d4 d6 2. Nf3 Nf6 3. e3 Nbd7 4. Bd3 e5 5. dxe5 dxe5 6. Nbd2 Bd6 7. e4 c6 8.
O-O O-O 9. b3 Nc5 10. Bb2 Nxd3 11. cxd3 Qe7 12. Nc4 Bg4 13. Nxd6 Bxf3 14. Qxf3
Qxd6 15. Rad1 Rad8 16. a4 Rfe8 17. h3 Qb4 18. Qf5 Qe7 19. Ba1 Rd7 20. Rd2 g6
21. Qf3 Red8 22. Rfd1 Nh5 23. g3 Ng7 24. Kg2 Ne6 25. Bxe5 Qb4 26. d4 Nxd4 27.
Qf6 Kf8 28. Rxd4 Rxd4 29. Rxd4 Rxd4 30. Bxd4 Ke8 31. Qh8+ Ke7 32. Qf6+ Ke8 33.
Qe5+ Kd7 34. Bc5 Qxb3 35. Qd6+ Kc8 36. Qf8+ Kd7 37. Bd6 Qe6 38. e5 Qd5+ 39. f3
Qd2+ 40. Kf1 Qd1+ 41. Kf2 Qd2+ 42. Kf1 Qd1+ 43. Kf2 1/2-1/2

[Event "FinaleChallengeBNP 2012"]
[Site "Port-Marly"]
[Date "2012.06.16"]
[Round "2.1"]
[White "Ionutu, Adela"]
[Black "Bauer, Christian"]
[Result "0-1"]
[WhiteElo "2110"]
[BlackElo "2740"]
[PlyCount "57"]
[EventDate "2012.??.??"]

1. e4 Nc6 2. Nf3 d5 3. exd5 Qxd5 4. Nc3 Qa5 5. d4 Bg4 6. Be2 O-O-O 7. Be3 Nf6
8. O-O e5 9. d5 Bb4 10. Bd2 Bxc3 11. Bxc3 Qxd5 12. Nxe5 Nxe5 13. Bxe5 Qe6 14.
Bxg4 Nxg4 15. Qe2 Nxe5 16. Rfe1 Nc6 17. Qf3 Nd4 18. Qd1 Qg6 19. Rc1 Rd6 20. c3
Nc6 21. Qf3 Rd3 22. Qe2 Rhd8 23. Rc2 h5 24. h4 R3d6 25. Rec1 Re6 26. Qf3 Ne5
27. Qh3 Ng4 28. b4 Qxc2 29. c4 0-1

[Event "FinaleChallengeBNP 2012"]
[Site "Port-Marly"]
[Date "2012.06.16"]
[Round "2.3"]
[White "Belluire, Patrice"]
[Black "Dourerassou, Jonathan"]
[Result "0-1"]
[WhiteElo "2080"]
[BlackElo "2670"]
[PlyCount "84"]
[EventDate "2012.??.??"]

1. e4 c5 2. Nf3 Nc6 3. d4 cxd4 4. Nxd4 Nf6 5. Nc3 e5 6. Ndb5 d6 7. Nd5 Nxd5 8.
exd5 Nb8 9. c4 a6 10. Qa4 Bd7 11. Be3 Be7 12. Qa3 Bxb5 13. cxb5 O-O 14. Be2 Nd7
15. bxa6 bxa6 16. O-O f5 17. f3 Kh8 18. Rac1 Nf6 19. Rfd1 a5 20. Rc6 Qe8 21.
Bb5 f4 22. Bf2 e4 23. fxe4 Qg6 24. Qf3 Ng4 25. Kh1 Ne5 26. Qe2 f3 27. gxf3 Rxf3
28. Rdc1 h6 29. Rc7 Qf6 30. Bd4 Rf8 31. Bxe5 Qxe5 32. Rc8 Kh7 33. Rxf8 Rxf8 34.
Rf1 Rxf1+ 35. Qxf1 Qxe4+ 36. Qg2 Qb1+ 37. Bf1 Bf6 38. Qf3 Qxb2 39. Bd3+ Kh8 40.
Qf5 Qc1+ 41. Kg2 Qd2+ 42. Kh3 Qg5 0-1

[Event "FinaleChallengeBNP 2012"]
[Site "Port-Marly"]
[Date "2012.06.16"]
[Round "2.3"]
[White "Lepelletier, Benoit"]
[Black "Dutreuil, Raphael"]
[Result "1-0"]
[WhiteElo "2540"]
[BlackElo "2060"]
[PlyCount "94"]
[EventDate "2012.??.??"]

1. e4 c5 2. Nf3 d6 3. d4 cxd4 4. Nxd4 Nf6 5. Nc3 a6 6. h3 b5 7. Nd5 e6 8. Nxf6+
Qxf6 9. c4 bxc4 10. Bxc4 Be7 11. O-O O-O 12. Be3 Bb7 13. f3 Nd7 14. Rc1 Rfd8
15. Qd2 Ne5 16. Be2 Rac8 17. Qb4 Rb8 18. Qa4 d5 19. f4 Nd7 20. e5 Qg6 21. Rc7
Nc5 22. Qa5 Bf8 23. Rxc5 Bxc5 24. Qxc5 Qe4 25. Qa3 Rdc8 26. Bf3 Qg6 27. Kh2 Rc4
28. Qd6 Rbc8 29. b3 R4c7 30. Qb6 Qd3 31. Re1 Qc3 32. Re2 a5 33. Rc2 Qxe3 34.
Rxc7 Qxf4+ 35. g3 Qd2+ 36. Bg2 Rxc7 37. Qxc7 h5 38. Nxe6 fxe6 39. Qxb7 h4 40.
Qc8+ Kh7 41. Qxe6 hxg3+ 42. Kxg3 Qe3+ 43. Bf3 Qg5+ 44. Qg4 Qxe5+ 45. Qf4 Qe7
46. Qh4+ Qxh4+ 47. Kxh4 g5+ 1-0

[Event "FinaleChallengeBNP 2012"]
[Site "Port-Marly"]
[Date "2012.06.16"]
[Round "2.6"]
[White "Pothieux, Philippe"]
[Black "Capone, Nicola"]
[Result "1/2-1/2"]
[WhiteElo "2030"]
[BlackElo "2330"]
[PlyCount "83"]
[EventDate "2012.??.??"]

1. d4 Nf6 2. c4 c5 3. dxc5 Qa5+ 4. Nc3 Qxc5 5. e3 e6 6. Nf3 a6 7. Be2 Be7 8.
O-O O-O 9. a3 Qc7 10. Bd2 Nc6 11. Rc1 b6 12. Qc2 Bb7 13. Rfd1 Rad8 14. Be1 Qb8
15. b4 Ne5 16. Nxe5 Qxe5 17. Na4 Qg5 18. Bf1 b5 19. cxb5 axb5 20. Nb2 Ng4 21.
Nd3 Bd6 22. h3 Nf6 23. Nc5 Bd5 24. Nb7 Rc8 25. Qb1 Rxc1 26. Qxc1 Bb8 27. Nc5
Qe5 28. g3 Rc8 29. Qc3 Qxc3 30. Bxc3 d6 31. Bxf6 dxc5 32. Bb2 c4 33. Bc3 Bf3
34. Rd7 Bc6 35. Rd1 f6 36. Bg2 Bxg2 37. Kxg2 Rc6 38. Rd4 Rd6 39. Rh4 h6 40. Rd4
Rxd4 41. Bxd4 e5 42. Bc5 1/2-1/2

[Event "FinaleChallengeBNP 2012"]
[Site "Port-Marly"]
[Date "2012.06.16"]
[Round "3.1"]
[White "Bauer, Christian"]
[Black "Kirszenberg, Marc"]
[Result "1-0"]
[WhiteElo "2740"]
[BlackElo "2260"]
[PlyCount "33"]
[EventDate "2012.??.??"]

1. d4 d5 2. Bf4 Nf6 3. e3 c5 4. Nc3 a6 5. Nf3 Nc6 6. Ne5 cxd4 7. exd4 Bf5 8. g4
Be6 9. h3 g6 10. Qd2 Bg7 11. Bg2 Rc8 12. O-O-O Qa5 13. Kb1 b5 14. Nxc6 Rxc6 15.
Nxd5 Qxd2 16. Nxf6+ Bxf6 17. Bxc6+ 1-0

[Event "FinaleChallengeBNP 2012"]
[Site "Port-Marly"]
[Date "2012.06.16"]
[Round "3.2"]
[White "Naudion, Gregoire"]
[Black "Guliyev, Namig"]
[Result "0-1"]
[WhiteElo "2220"]
[BlackElo "2690"]
[PlyCount "60"]
[EventDate "2012.??.??"]

1. e4 c5 2. Nf3 d6 3. d4 cxd4 4. Nxd4 Nf6 5. Nc3 a6 6. Be2 e6 7. O-O Qc7 8. Be3
b5 9. Bf3 Bb7 10. a3 Nbd7 11. Re1 Ne5 12. Nb3 Be7 13. Bf4 O-O 14. Bxe5 dxe5 15.
g3 Rac8 16. Qe2 Qb6 17. Rad1 Bc6 18. Rd2 a5 19. Red1 b4 20. axb4 Bxb4 21. Rd3
a4 22. Nd2 Qc5 23. Qe3 Rb8 24. Qxc5 Bxc5 25. Nc4 Bd4 26. Ne2 Bxb2 27. c3 Bxe4
28. Bxe4 Nxe4 29. Nxe5 Nc5 30. Rd6 a3 0-1

[Event "FinaleChallengeBNP 2012"]
[Site "Port-Marly"]
[Date "2012.06.16"]
[Round "3.4"]
[White "Moingt, Jean-Claude"]
[Black "Lepelletier, Benoit"]
[Result "0-1"]
[WhiteElo "2150"]
[BlackElo "2540"]
[PlyCount "58"]
[EventDate "2012.??.??"]

1. d4 Nf6 2. Bg5 Ne4 3. Bf4 d5 4. f3 Nf6 5. c4 e6 6. Nc3 Be7 7. e3 O-O 8. Bd3
Nbd7 9. Nge2 c5 10. Bg3 cxd4 11. exd4 dxc4 12. Bxc4 Nb6 13. Bd3 Nbd5 14. Bf2
Bd7 15. O-O Bd6 16. Ne4 Qc7 17. Nxd6 Qxd6 18. Qd2 Rac8 19. Rfc1 Qb6 20. Nc3 Qa5
21. Ne4 Qxd2 22. Nxd2 Nb4 23. Be2 Nfd5 24. Nc4 Bb5 25. a3 Nf4 26. Bf1 Nbd3 27.
Rc3 Bxc4 28. g3 Nxf2 29. Kxf2 Bxf1 0-1

[Event "FinaleChallengeBNP 2012"]
[Site "Port-Marly"]
[Date "2012.06.16"]
[Round "3.5"]
[White "Pavon Cardenas, Jesus"]
[Black "Baron, Thierry"]
[Result "1/2-1/2"]
[WhiteElo "2450"]
[BlackElo "2170"]
[PlyCount "48"]
[EventDate "2012.??.??"]

1. e4 e5 2. Nf3 Nc6 3. Bc4 Nf6 4. O-O Be7 5. Re1 O-O 6. c3 d6 7. h3 Na5 8. Bf1
c5 9. d4 Nc6 10. d5 Nb8 11. g4 Re8 12. Nbd2 Bf8 13. a4 g6 14. Bg2 Bg7 15. Nf1
a6 16. a5 Nbd7 17. Ng3 b6 18. axb6 Nxb6 19. Qe2 a5 20. Bf1 Ba6 21. Qc2 Bc4 22.
Nd2 Bxf1 23. Rxf1 a4 24. f4 Nfd7 1/2-1/2

[Event "FinaleChallengeBNP 2012"]
[Site "Port-Marly"]
[Date "2012.06.16"]
[Round "3.6"]
[White "Leruste, Georges"]
[Black "Faure, Stephane"]
[Result "1-0"]
[WhiteElo "2270"]
[BlackElo "2110"]
[PlyCount "85"]
[EventDate "2012.??.??"]

1. Nf3 c5 2. g3 Nc6 3. Bg2 Nf6 4. c3 d6 5. d4 Bg4 6. d5 Bxf3 7. exf3 Ne5 8. f4
Ned7 9. O-O g6 10. Re1 Bg7 11. Qe2 O-O 12. a4 Nb6 13. Rd1 Re8 14. a5 Nbd7 15.
Nd2 Qc7 16. Nc4 b5 17. axb6 axb6 18. Rxa8 Rxa8 19. Qxe7 Bf8 20. Qe2 b5 21. Ne3
c4 22. Nc2 Re8 23. Be3 Nc5 24. Nd4 Qd7 25. f5 Bg7 26. fxg6 hxg6 27. Ra1 Ng4 28.
Bh3 f5 29. Bxg4 fxg4 30. Nc6 Qf5 31. Ra7 Nd3 32. Ne7+ Rxe7 33. Rxe7 b4 34. cxb4
Nxb2 35. b5 Qb1+ 36. Kg2 Nd3 37. Qxg4 Ne1+ 38. Kh3 Qxb5 39. Qe6+ Kh7 40. Bd4
Nf3 41. Rxg7+ Kh6 42. Qe3+ g5 43. Qxf3 1-0

[Event "FinaleChallengeBNP 2012"]
[Site "Port-Marly"]
[Date "2012.06.16"]
[Round "4.1"]
[White "Lepelletier, Benoit"]
[Black "Bauer, Christian"]
[Result "1-0"]
[WhiteElo "2540"]
[BlackElo "2740"]
[PlyCount "116"]
[EventDate "2012.??.??"]

1. e4 e6 2. d4 d5 3. exd5 exd5 4. Bf4 Bd6 5. Bxd6 Qxd6 6. c3 Nf6 7. Bd3 O-O 8.
Ne2 Re8 9. O-O Nc6 10. Nd2 Bg4 11. Re1 Re7 12. Nf1 Rae8 13. h3 Bh5 14. Nfg3 Bg6
15. Qd2 h6 16. Rad1 Nd8 17. Nc1 Ne4 18. Bxe4 dxe4 19. Nf1 Ne6 20. Ne2 f5 21. d5
Nc5 22. Nf4 Bf7 23. b4 Na4 24. c4 g5 25. Ne2 f4 26. Qc2 Qxb4 27. Rb1 Qa5 28.
Red1 Nc5 29. Nd4 Bg6 30. Rb5 Qa3 31. Nh2 a6 32. Rxc5 Qxc5 33. Ng4 b5 34. Nf6+
Kf7 35. Nxe8 Rxe8 36. Ne6 Qxc4 37. Qb2 Rxe6 38. dxe6+ Qxe6 39. Qc3 c6 40. Qc5
e3 41. fxe3 Qxe3+ 42. Qxe3 fxe3 43. Kf1 Ke6 44. Ke2 c5 45. Kxe3 c4 46. Kd4 Kd6
47. Rf1 Bd3 48. Rf6+ Ke7 49. Rxh6 Bf1 50. Kc3 Bxg2 51. h4 Kf7 52. Rh5 g4 53.
Rxb5 Kf6 54. Kxc4 Be4 55. Kd4 Bf5 56. Ke3 Be6 57. Kf4 Bxa2 58. Rb6+ Be6 1-0

[Event "FinaleChallengeBNP 2012"]
[Site "Port-Marly"]
[Date "2012.06.16"]
[Round "4.2"]
[White "Guliyev, Namig"]
[Black "Dourerassou, Jonathan"]
[Result "0-1"]
[WhiteElo "2690"]
[BlackElo "2670"]
[PlyCount "62"]
[EventDate "2012.??.??"]

1. e4 c5 2. Nf3 Nc6 3. Nc3 e5 4. Bc4 Be7 5. d3 Nf6 6. Nd2 d6 7. Nf1 Bg4 8. f3
Be6 9. Ne3 Nd4 10. O-O O-O 11. a4 a6 12. a5 Nc6 13. Bxe6 fxe6 14. Nc4 Qc7 15.
Bd2 d5 16. Nb6 Rad8 17. exd5 exd5 18. Re1 Rf7 19. Bg5 Nb4 20. Qd2 c4 21. dxc4
dxc4 22. Qe2 Bc5+ 23. Kh1 Bxb6 24. axb6 Qxb6 25. Rad1 Rxd1 26. Rxd1 h6 27. Bxf6
Qxf6 28. Qxc4 Qe7 29. Ne4 Kh7 30. Nd6 Rf4 31. Qd3+ Nxd3 0-1

[Event "FinaleChallengeBNP 2012"]
[Site "Port-Marly"]
[Date "2012.06.16"]
[Round "4.3"]
[White "Pavon Cardenas, Jesus"]
[Black "Leruste, Georges"]
[Result "0-1"]
[WhiteElo "2450"]
[BlackElo "2270"]
[PlyCount "92"]
[EventDate "2012.??.??"]

1. e4 e6 2. d3 d5 3. Nd2 Nf6 4. g3 dxe4 5. dxe4 b6 6. Bg2 Bb7 7. Qe2 Nc6 8. c3
e5 9. Ngf3 Be7 10. O-O O-O 11. Rd1 Qc8 12. Nf1 Re8 13. Bg5 Ba6 14. Qc2 Qe6 15.
Ne3 Bd6 16. Nd5 Nd7 17. Bf1 Bxf1 18. Rxf1 Qg6 19. Rae1 Nc5 20. b4 Ne6 21. Bc1
Ne7 22. Bb2 Nxd5 23. exd5 Qxc2 24. Rb1 Qg6 25. dxe6 fxe6 26. Rbd1 e4 27. Nd4 e5
28. Ne2 Qh5 29. Rfe1 Rad8 30. h4 e3 31. fxe3 Bf8 32. Rxd8 Rxd8 33. Bc1 Qf3 34.
c4 Bxb4 35. Rf1 Qxe2 36. Rf2 Qd1+ 37. Rf1 Qg4 38. Kg2 Rd1 39. Rf2 Qe4+ 40. Rf3
Rg1+ 41. Kf2 Rf1+ 42. Kxf1 Qxf3+ 43. Kg1 Be1 44. Bd2 Bxd2 45. Kh2 Bxe3 46. Kh3
Bf2 0-1

[Event "FinaleChallengeBNP 2012"]
[Site "Port-Marly"]
[Date "2012.06.16"]
[Round "4.5"]
[White "Godart, Francois"]
[Black "Pothieux, Philippe"]
[Result "1-0"]
[WhiteElo "2350"]
[BlackElo "2030"]
[PlyCount "49"]
[EventDate "2012.??.??"]

1. Nc3 Nf6 2. e4 d6 3. d4 e6 4. Bg5 Be7 5. Bd3 h6 6. Be3 b6 7. Qd2 Bb7 8. O-O-O
a5 9. f3 Na6 10. g4 Nb4 11. h4 Nxd3+ 12. Qxd3 Ba6 13. Qd2 Qd7 14. Nge2 b5 15.
g5 hxg5 16. hxg5 Rxh1 17. Rxh1 Ng8 18. Rh8 O-O-O 19. f4 Qc6 20. d5 Qc4 21. b3
Qb4 22. Kb2 a4 23. a3 Qa5 24. b4 Qb6 25. Bxb6 1-0

[Event "FinaleChallengeBNP 2012"]
[Site "Port-Marly"]
[Date "2012.06.16"]
[Round "4.6"]
[White "Decosse, Fabien"]
[Black "Aksenov, Alexandre"]
[Result "1-0"]
[WhiteElo "2440"]
[BlackElo "1990"]
[PlyCount "75"]
[EventDate "2012.??.??"]

1. d4 d5 2. c4 e6 3. Nc3 Nf6 4. cxd5 exd5 5. Bg5 Be7 6. e3 c6 7. Qc2 Nbd7 8.
Bd3 Nf8 9. Nge2 Ne6 10. Bh4 g6 11. O-O O-O 12. f3 Ng7 13. Bf2 Be6 14. Rad1 Qc7
15. Kh1 Rad8 16. Bg1 Bf5 17. e4 dxe4 18. fxe4 Bc8 19. e5 Nd5 20. Nxd5 Rxd5 21.
Nc3 Rd7 22. Ne4 Ne8 23. Bc4 Bd8 24. a4 a6 25. Bb3 b5 26. axb5 cxb5 27. Qxc7
Rxc7 28. d5 Bb7 29. h3 Rd7 30. Nc5 Re7 31. d6 Rxe5 32. Nxb7 Bg5 33. d7 Ng7 34.
d8=Q Bxd8 35. Rxd8 Ne6 36. Bxe6 Rxe6 37. Rxf8+ Kxf8 38. Nc5 1-0

[Event "FinaleChallengeBNP 2012"]
[Site "Port-Marly"]
[Date "2012.06.16"]
[Round "5.1"]
[White "Leruste, Georges"]
[Black "Lepelletier, Benoit"]
[Result "0-1"]
[WhiteElo "2270"]
[BlackElo "2540"]
[PlyCount "62"]
[EventDate "2012.??.??"]

1. Nf3 b5 2. g3 Bb7 3. Bg2 e6 4. O-O Nf6 5. d3 c5 6. Nbd2 Be7 7. e4 d6 8. Nh4
Qc7 9. a4 b4 10. f4 Nc6 11. Kh1 O-O 12. Ndf3 Nd7 13. f5 Bf6 14. g4 exf5 15.
Nxf5 Be5 16. Qe1 g6 17. Ne7+ Nxe7 18. Bh6 Bxb2 19. Qh4 f6 20. Bxf8 Rxf8 21.
Rab1 Bc3 22. g5 f5 23. exf5 Nxf5 24. Qc4+ d5 25. Qa2 Ne3 26. Rf2 Nxg2 27. Kxg2
Qf4 28. Rbf1 c4 29. dxc4 dxc4 30. Kg1 Ne5 31. Nxe5 Qxg5+ 0-1

[Event "FinaleChallengeBNP 2012"]
[Site "Port-Marly"]
[Date "2012.06.16"]
[Round "5.2"]
[White "Dourerassou, Jonathan"]
[Black "Baron, Thierry"]
[Result "1-0"]
[WhiteElo "2670"]
[BlackElo "2170"]
[PlyCount "42"]
[EventDate "2012.??.??"]

1. e4 e5 2. Nf3 Nc6 3. Bb5 a6 4. Ba4 Nf6 5. O-O Nxe4 6. d4 b5 7. Bb3 d5 8. dxe5
Be6 9. c3 Bc5 10. Nbd2 O-O 11. Qe2 Bf5 12. Nxe4 dxe4 13. Ng5 Nxe5 14. Nxe4 Bb6
15. Ng3 Qf6 16. Nh5 Qe7 17. Bf4 Nc6 18. Qf3 Qe4 19. Bd5 Bd7 20. Rad1 Be8 21.
Rfe1 Rd8 1-0

[Event "FinaleChallengeBNP 2012"]
[Site "Port-Marly"]
[Date "2012.06.16"]
[Round "5.3"]
[White "Bauer, Christian"]
[Black "Moingt, Jean-Claude"]
[Result "1-0"]
[WhiteElo "2740"]
[BlackElo "2150"]
[PlyCount "53"]
[EventDate "2012.??.??"]

1. d4 Nf6 2. Nf3 g6 3. Bf4 Bg7 4. e3 O-O 5. Be2 d6 6. O-O Nfd7 7. h3 e5 8. Bh2
Nc6 9. c3 Qe7 10. b4 a6 11. a3 Re8 12. Ra2 Nf8 13. c4 e4 14. Nfd2 h5 15. Nc3
Bf5 16. c5 dxc5 17. bxc5 Rad8 18. Nc4 Qg5 19. Bf4 Qh4 20. Bxc7 Rd7 21. Bg3 Qg5
22. h4 Qd8 23. Nd6 Be6 24. Nxe8 Qxe8 25. Rd2 Bf5 26. Na4 Ne6 27. d5 1-0

[Event "FinaleChallengeBNP 2012"]
[Site "Port-Marly"]
[Date "2012.06.16"]
[Round "5.4"]
[White "Dutreuil, Raphael"]
[Black "Guliyev, Namig"]
[Result "0-1"]
[WhiteElo "2060"]
[BlackElo "2690"]
[PlyCount "84"]
[EventDate "2012.??.??"]

1. d4 d5 2. c4 dxc4 3. e3 e5 4. Bxc4 exd4 5. Nf3 Bb4+ 6. Bd2 Bxd2+ 7. Qxd2 Nc6
8. exd4 Nf6 9. Qe3+ Ne7 10. O-O O-O 11. Nc3 c6 12. Rad1 Ned5 13. Qg5 Be6 14.
Nxd5 Nxd5 15. Rfe1 h6 16. Qg3 Qf6 17. Ne5 Nb6 18. Bxe6 Qxe6 19. Re3 Qxa2 20.
Ng4 Kh7 21. Qf4 Rae8 22. Rh3 Re6 23. Qf5+ Kg8 24. Rg3 Nd5 25. Qh5 Kh8 26. Ne5
Kg8 27. Ng4 Kh7 28. Qf5+ g6 29. Qf3 Qxb2 30. Rh3 h5 31. Ne5 Kg7 32. Rg3 Rxe5
33. dxe5 Qxe5 34. h4 Re8 35. Rg5 Qe4 36. Qg3 a5 37. Rxh5 Qe2 38. Rhxd5 cxd5 39.
Rxd5 Qc4 40. Rg5 Re1+ 41. Kh2 Re4 42. f4 Rxf4 0-1

[Event "FinaleChallengeBNP 2012"]
[Site "Port-Marly"]
[Date "2012.06.16"]
[Round "5.5"]
[White "Mohammad, Fahim"]
[Black "Decosse, Jean-Fabien"]
[Result "0-1"]
[WhiteElo "2110"]
[BlackElo "2440"]
[PlyCount "96"]
[EventDate "2012.??.??"]

1. d4 d6 2. Nf3 Nf6 3. c4 Nbd7 4. Nc3 e5 5. d5 Be7 6. e4 O-O 7. Bd3 a5 8. O-O
Nc5 9. Bb1 Bd7 10. Be3 b6 11. a3 a4 12. Bc2 h6 13. Bxc5 bxc5 14. Bxa4 Bxa4 15.
Nxa4 Nxe4 16. Qc2 f5 17. Nc3 Nxc3 18. Qxc3 e4 19. Nd2 Rb8 20. Rab1 Bf6 21. Qc2
Qe7 22. Rfe1 Ra8 23. Nf1 Bd4 24. Ne3 Qg5 25. Nf1 Rae8 26. b4 Ra8 27. Qb3 Ra7
28. Re2 Rfa8 29. Ra2 cxb4 30. Qxb4 Bc5 31. Qb5 Ra4 32. Ng3 h5 33. Qd7 g6 34.
Qe6+ Kg7 35. Qd7+ Kh6 36. Qxc7 R4a7 37. Qc6 Qe7 38. Rab2 Bxa3 39. Rb7 Qf6 40.
Qd7 Rxb7 41. Rxb7 Rh8 42. Nf1 Bc5 43. Qf7 Qxf7 44. Rxf7 Ra8 45. Ne3 Ra1+ 46.
Nf1 Rc1 47. g3 Rxc4 48. Kg2 Rc2 0-1

[Event "FinaleChallengeBNP 2012"]
[Site "Port-Marly"]
[Date "2012.06.16"]
[Round "5.6"]
[White "Le Menelec, Erwan"]
[Black "Godart, Francois"]
[Result "0-1"]
[WhiteElo "1960"]
[BlackElo "2350"]
[PlyCount "109"]
[EventDate "2012.??.??"]

1. e4 e5 2. Nf3 d5 3. exd5 e4 4. Nd4 Qxd5 5. Nb5 Qe5 6. Be2 Nf6 7. O-O c6 8.
N5c3 Bd6 9. g3 Be6 10. d4 exd3 11. Bxd3 O-O 12. Bf4 Qa5 13. Bxd6 Re8 14. Nd2
Bg4 15. Be2 Bxe2 16. Nxe2 Rd8 17. Bf4 Nd5 18. Bxb8 Raxb8 19. Qe1 Nf6 20. Nf3
Qh5 21. Qc3 Ne4 22. Qe3 Re8 23. Nf4 Qg4 24. Qb3 Nc5 25. Qc3 Ne4 26. Qb3 Nc5 27.
Qa3 Ne4 28. h3 Qf5 29. Kg2 b5 30. Rae1 b4 31. Qd3 Rbd8 32. Qc4 g5 33. Nd3 h5
34. Nd4 Qf6 35. Nxc6 Nd2 36. Rxe8+ Rxe8 37. Qc5 Nxf1 38. Kxf1 Qe6 39. Qb5 Qxh3+
40. Kg1 Qg4 41. Nce5 Qd1+ 42. Kg2 Re6 43. Qb8+ Kg7 44. Qxb4 g4 45. Qc3 Qe2 46.
Nxg4+ Kf8 47. Qc8+ Ke7 48. Qc7+ Kf8 49. Ne3 Rxe3 50. Qd6+ Re7 51. Qd8+ Kg7 52.
Qd4+ Kf8 53. Qd8+ Kg7 54. Qd4+ Kg8 55. Qd8+ 0-1

[Event "FinaleChallengeBNP 2012"]
[Site "Port-Marly"]
[Date "2012.06.16"]
[Round "6.1"]
[White "Lepelletier, Benoit"]
[Black "Dourerassou, Jonathan"]
[Result "0-1"]
[WhiteElo "2540"]
[BlackElo "2670"]
[PlyCount "88"]
[EventDate "2012.??.??"]

1. e4 c5 2. Nf3 Nc6 3. Bb5 a6 4. Bxc6 dxc6 5. h3 Qc7 6. O-O e5 7. d3 Bd6 8.
Nbd2 Ne7 9. a4 a5 10. Nc4 Be6 11. b3 f6 12. Nh4 O-O 13. Kh1 Rad8 14. Qe1 b6 15.
Nxd6 Qxd6 16. f4 Nc8 17. fxe5 Qxe5 18. Rb1 Qh5 19. Nf3 Rde8 20. Bf4 Rf7 21. Qg3
g5 22. Bd2 Kh8 23. Nh2 Qg6 24. Bc3 h5 25. Rf2 Kh7 26. Rbf1 Ref8 27. Nf3 Ne7 28.
Kg1 Ng8 29. e5 h4 30. Nxh4 gxh4 31. Qxh4+ Qh6 32. Qe4+ f5 33. Qxc6 Ne7 34. Qxb6
Nd5 35. Qxa5 f4 36. Bd2 Qg6 37. Qa6 f3 38. Kh2 Rg8 39. gxf3 Qg3+ 40. Kh1 Rxf3
41. Qxe6 Rxf2 42. Qxg8+ Kxg8 43. Rg1 Qxg1+ 44. Kxg1 Rxd2 0-1

[Event "FinaleChallengeBNP 2012"]
[Site "Port-Marly"]
[Date "2012.06.16"]
[Round "6.2"]
[White "Godart, Francois"]
[Black "Bauer, Christian"]
[Result "1/2-1/2"]
[WhiteElo "2350"]
[BlackElo "2740"]
[PlyCount "56"]
[EventDate "2012.??.??"]

1. d4 e6 2. c4 Bb4+ 3. Nd2 Nf6 4. Ngf3 O-O 5. a3 Be7 6. e4 d5 7. Qc2 c5 8. cxd5
cxd4 9. Bd3 exd5 10. e5 Nh5 11. O-O Nc6 12. Bxh7+ Kh8 13. Nb3 Bg4 14. Bf5 Bxf3
15. gxf3 Nxe5 16. Nxd4 Qb6 17. Be3 Bc5 18. Qd1 Bxd4 19. f4 g6 20. Bxd4 Qd8 21.
Bxe5+ Kg8 22. Qg4 Nf6 23. Qg5 Nd7 24. Bxd7 Qxd7 25. Qh4 f6 26. Qxf6 Qg4+ 27.
Kh1 Qf3+ 28. Kg1 Qg4+ 1/2-1/2

[Event "FinaleChallengeBNP 2012"]
[Site "Port-Marly"]
[Date "2012.06.16"]
[Round "6.3"]
[White "Guliyev, NAMIG."]
[Black "Leruste, Georges"]
[Result "1-0"]
[WhiteElo "2690"]
[BlackElo "2270"]
[PlyCount "66"]
[EventDate "2012.??.??"]

1. e4 e6 2. d4 d5 3. Nc3 Nc6 4. Nf3 Nf6 5. Bg5 Be7 6. Bxf6 Bxf6 7. Bb5 a6 8.
Bxc6+ bxc6 9. O-O O-O 10. Re1 Rb8 11. e5 Be7 12. Na4 f6 13. b3 f5 14. Qd3 Kh8
15. c4 a5 16. cxd5 cxd5 17. Rac1 g5 18. Rc2 g4 19. Nd2 Bd7 20. Nc5 Bxc5 21.
Rxc5 f4 22. Rec1 c6 23. Qc3 Qg5 24. Rxa5 Rg8 25. Nf1 Rbf8 26. Ra7 Be8 27. Qc5
f3 28. g3 Qh6 29. Ne3 Qh5 30. Rc7 Rf5 31. Qe7 Rf7 32. Qd6 Rf5 33. Qxe6 Bg6 1-0

[Event "FinaleChallengeBNP 2012"]
[Site "Port-Marly"]
[Date "2012.06.16"]
[Round "6.4"]
[White "Decosse, Jean-Fabien"]
[Black "Naudion, Gregoire"]
[Result "1-0"]
[WhiteElo "2440"]
[BlackElo "2220"]
[PlyCount "91"]
[EventDate "2012.??.??"]

1. d4 g6 2. c4 Bg7 3. Nf3 Nf6 4. Nc3 O-O 5. e4 d6 6. Be2 e5 7. O-O Nc6 8. d5
Ne7 9. Ne1 Nd7 10. f3 f5 11. Be3 Nf6 12. Rc1 f4 13. Bf2 g5 14. c5 h5 15. cxd6
cxd6 16. Nb5 a6 17. Nc7 Rb8 18. Ba7 Bd7 19. Bxb8 Qxb8 20. Ne6 Bxe6 21. dxe6 d5
22. Bd3 g4 23. h3 Qd6 24. exd5 Nfxd5 25. Nc2 gxh3 26. gxh3 Qxe6 27. Kh2 b5 28.
Be4 Nf6 29. Qe2 Nxe4 30. Qxe4 Nf5 31. Rfd1 Kh8 32. Qd5 Qg6 33. Rg1 Ng3 34. Nb4
h4 35. Rc6 Qg5 36. Rcc1 Rd8 37. Qe6 Rd2+ 38. Rg2 Rxg2+ 39. Kxg2 Ne2+ 40. Kf2
Nxc1 41. Qg4 Qxg4 42. fxg4 e4 43. Nc6 Bxb2 44. Ne7 e3+ 45. Kf3 Nd3 46. Ng6+ 1-0